MARC

LEADER 00000nam0a2200000 4500
001 14623
005 20231030185750.0
010 |a 5272000463 
035 |a (RuTPU)RU\TPU\book\14721 
035 |a BOOK00014789 
090 |a 14623 
100 |a 20011209d2000 km y0rusy50 ca 
101 0 |a rus 
102 |a RU 
105 |a a f 001zy 
200 1 |a Интернет  |e энциклопедия  |f Под ред. Л. Мелиховой 
205 |a 2-е изд. 
210 |a СПб.  |c Питер  |d 2000 
215 |a 528 с.  |c ил. 
610 1 |a компьютерные сети 
610 1 |a Интернет 
610 1 |a Internet 
610 1 |a навигация 
610 1 |a поиск 
610 1 |a электронная почта 
610 1 |a телеконференции 
610 1 |a HTML 
610 1 |a Netscape Communicator 
610 1 |a Internet Explorer 
610 1 |a Web-ресурсы 
610 1 |a энциклопедии 
675 |a 681.324(031)  |v 3 
702 1 |a Мелихова  |b Л.  |4 340 
801 0 |a RU  |b 63413507  |c 20011209  |g PSBO 
801 2 |a RU  |b 63413507  |c 20220615  |g PSBO 
942 |c BK